[Event "HUN-ch U20"]
[Site "Szolnok"]
[Date "2024.04.04"]
[Round "7"]
[White "Bekesi, Aron"]
[Black "Jankovics, Emod"]
[Result "1/2-1/2"]
[WhiteElo "1783"]
[BlackElo "1699"]
[PlyCount "45"]
[EventDate "2024.03.31"]
[EventType "swiss"]
[EventRounds "9"]
[EventCountry "HUN"]
[SourceTitle "CB16_2024"]
[SourceDate "2024.04.17"]
[SourceVersion "1"]
[SourceVersionDate "2024.04.17"]
[SourceQuality "1"]

1. e4 c5 2. Nf3 Nc6 3. d4 cxd4 4. Nxd4 g6 5. Nc3 Bg7 6. Be3 Nf6 7. Bc4 Qa5 8. 0-0 Qb4 9. Nxc6 dxc6 10. Bb3 Nxe4 11. Nxe4 Qxe4 12. Re1 Qf5 13. Bd4 e5 14. Bc5 Be6 15. Qd6 Bf8 16. Qxe5 Qxe5 17. Rxe5 Bxc5 18. Rxc5 Bxb3 19. axb3 f6 20. f4 Kf7 21. Kf2 Rhe8 22. Rd1 Rad8 23. Rxd8 1/2-1/2

[Event "HUN-ch U20"]
[Site "Szolnok"]
[Date "2024.04.03"]
[Round "4"]
[White "Bekesi, Aron"]
[Black "Kocsmar, Akos"]
[Result "0-1"]
[WhiteElo "1783"]
[BlackElo "2029"]
[PlyCount "80"]
[EventDate "2024.03.31"]
[EventType "swiss"]
[EventRounds "9"]
[EventCountry "HUN"]
[SourceTitle "CB16_2024"]
[SourceDate "2024.04.17"]
[SourceVersion "1"]
[SourceVersionDate "2024.04.17"]
[SourceQuality "1"]

1. e4 c5 2. Nf3 e6 3. d4 cxd4 4. Nxd4 Nf6 5. Nc3 Nc6 6. Bg5 Bb4 7. Nxc6 bxc6 8. Qf3 e5 9. a3 Be7 10. Bc4 0-0 11. 0-0-0 d6 12. Bxf6 Bxf6 13. Qd3 Be7 14. g3 Rb8 15. f4 Qb6 16. Na4 Qa5 17. Bb3 Ba6 18. Qc3 Qxc3 19. Nxc3 exf4 20. gxf4 Rfd8 21. e5 d5 22. Ba4 Rb6 23. f5 Rdb8 24. b4 Bc8 25. Ne2 Bxf5 26. Nd4 Bd7 27. Kb2 a5 28. c3 R8b7 29. Rhf1 c5 30. Bxd7 Rxd7 31. Nf5 Bf8 32. Kc2 axb4 33. axb4 cxb4 34. cxb4 Rxb4 35. Rd4 Rc7+ 36. Kd3 Rb3+ 37. Ke2 Rc2+ 38. Rd2 Rxd2+ 39. Kxd2 Rb2+ 40. Kd3 Rxh2 0-1